000 00317nam a2200133Ia 4500
008 150201s2006 xx 000 0 und d
082 _a614.44
_bB06B
100 _aBEAGLEHOLE,R
245 _aBASICS EPIDEMIOLOGY
250 _a1ST
260 _bAITBS
_aDELHI
_c2006
650 _aCOMMUNITY MEDICINE
942 _2ddc
_cBK
_04
999 _c1145
_d1145